<?xml version="1.0" encoding="UTF-8"?>
<record
    xmlns:xsi="http://www.w3.org/2001/XMLSchema-instance"
    xsi:schemaLocation="http://www.loc.gov/MARC21/slim http://www.loc.gov/standards/marcxml/schema/MARC21slim.xsd"
    xmlns="http://www.loc.gov/MARC21/slim">

  <leader>03631mam a2200421 a 4500</leader>
  <controlfield tag="001">2323553</controlfield>
  <controlfield tag="005">20220326193334.0</controlfield>
  <controlfield tag="008">990701s1999    nyua     bc   001 0 eng d</controlfield>
  <datafield tag="010" ind1=" " ind2=" ">
    <subfield code="a">   97075938 </subfield>
  </datafield>
  <datafield tag="020" ind1=" " ind2=" ">
    <subfield code="a">0960451498 (pbk.)</subfield>
  </datafield>
  <datafield tag="020" ind1=" " ind2=" ">
    <subfield code="a">9780960451494 (pbk.)</subfield>
  </datafield>
  <datafield tag="035" ind1=" " ind2=" ">
    <subfield code="a">(OCoLC)41638556</subfield>
  </datafield>
  <datafield tag="035" ind1=" " ind2=" ">
    <subfield code="a">(OCoLC)ocm41638556</subfield>
  </datafield>
  <datafield tag="035" ind1=" " ind2=" ">
    <subfield code="a">(NNC)2323553</subfield>
  </datafield>
  <datafield tag="040" ind1=" " ind2=" ">
    <subfield code="a">IAI</subfield>
    <subfield code="c">IAI</subfield>
    <subfield code="d">OrLoB-B</subfield>
    <subfield code="d">NNC</subfield>
  </datafield>
  <datafield tag="082" ind1=" " ind2=" ">
    <subfield code="a">709.040.75</subfield>
    <subfield code="b">C184g</subfield>
  </datafield>
  <datafield tag="245" ind1="0" ind2="0">
    <subfield code="a">Global conceptualism :</subfield>
    <subfield code="b">points of origin, 1950s-1980s /</subfield>
    <subfield code="c">foreword by Luis Camnitzer, Jane Farver, Rachel Weiss ; introduction by Stephen Bann ; essays by L&#xE1;szl&#xF3; Beke ... [et al.]</subfield>
  </datafield>
  <datafield tag="260" ind1=" " ind2=" ">
    <subfield code="a">New York :</subfield>
    <subfield code="b">Queens Museum of Art :</subfield>
    <subfield code="b">Available through D.A.P./Distributed Art Publishers,</subfield>
    <subfield code="c">c1999.</subfield>
  </datafield>
  <datafield tag="300" ind1=" " ind2=" ">
    <subfield code="a">xi, 279 p. :</subfield>
    <subfield code="b">ill. (some col.) ;</subfield>
    <subfield code="c">29 cm.</subfield>
  </datafield>
  <datafield tag="500" ind1=" " ind2=" ">
    <subfield code="a">"Exhibition tour: Queens Museum of Art, New York, April 28-August 29, 1999, Walker Art Center, Minneapolis, December 19, 1999-March 5, 2000, Miami Art Museum, Miami, September 15-November 26, 2000"--T.p. verso.</subfield>
  </datafield>
  <datafield tag="504" ind1=" " ind2=" ">
    <subfield code="a">Includes bibliographical references (p. 262-266) and index.</subfield>
  </datafield>
  <datafield tag="505" ind1="0" ind2="0">
    <subfield code="t">Acknowledgments /</subfield>
    <subfield code="r">Marilyn L. Simon --</subfield>
    <subfield code="t">Foreword /</subfield>
    <subfield code="r">Luis Camnitzer, Jane Farver and Rachel Weiss --</subfield>
    <subfield code="t">Introduction /</subfield>
    <subfield code="r">Stephen Bann --</subfield>
    <subfield code="t">Concerning the Institution of Art: Conceptualism in Japan /</subfield>
    <subfield code="r">Reiko Tomii and Chiba Shigeo --</subfield>
    <subfield code="t">European Conceptualism in Every Situation /</subfield>
    <subfield code="r">Claude Gintz --</subfield>
    <subfield code="t">Conceptualist Tendencies in Eastern European Art /</subfield>
    <subfield code="r">Laszlo Beke --</subfield>
    <subfield code="t">Tactics for Thriving on Adversity: Conceptualism in Latin America, 1960-1980 /</subfield>
    <subfield code="r">Mari Carmen Ramirez --</subfield>
    <subfield code="t">Global Conceptualism and North American Conceptual Art /</subfield>
    <subfield code="r">Peter Wollen --</subfield>
    <subfield code="t">Peripheries in Motion: Conceptualism and Conceptual Art in Australia and New Zealand /</subfield>
    <subfield code="r">Terry Smith --</subfield>
    <subfield code="t">About Early Soviet Conceptualism /</subfield>
    <subfield code="r">Margarita Tupitsyn --</subfield>
    <subfield code="t">Where, What, Who, When: A Few Notes on "African" Conceptualism /</subfield>
    <subfield code="r">Okwui Enwezor --</subfield>
    <subfield code="t">From the Local Context: Conceptual Art in South Korea /</subfield>
    <subfield code="r">Sung Wan-kyung --</subfield>
    <subfield code="t">Conceptual Art with Anticonceptual Attitude: Mainland China, Taiwan, and Hong Kong /</subfield>
    <subfield code="r">Gao Minglu --</subfield>
  </datafield>
  <datafield tag="505" ind1="8" ind2="0">
    <subfield code="t">"Con Art" Seen from the Edge: The Meaning of Conceptual Art in South and Southeast Asia /</subfield>
    <subfield code="r">Apinan Poshyananda --</subfield>
    <subfield code="t">Plates.</subfield>
  </datafield>
  <datafield tag="520" ind1="1" ind2=" ">
    <subfield code="a">"Global Conceptualism: Points of Origin, 1950s-1980s challenges the canonical perception that conceptual art was simply one movement which spread internationally and acknowledges the important local circumstances which gave birth to conceptualist art in regions around the world. This book traces the history of this key development in 20th-century art which was marked by a shift from a consideration of the object to that of the idea."--BOOK JACKET.</subfield>
  </datafield>
  <datafield tag="520" ind1="8" ind2=" ">
    <subfield code="a">"Covering three decades of idea-based art, this book features works by more than 135 artists from Asia, Western Europe and Eastern Europe, Latin America, North America, the Soviet Union (Russia), Africa, and Australia and New Zealand. This catalogue is published in conjunction with a major touring exhibition organized by the Queens Museum of Art, Queens, New York."--BOOK JACKET.</subfield>
  </datafield>
  <datafield tag="650" ind1=" " ind2="0">
    <subfield code="a">Conceptual art</subfield>
    <subfield code="v">Exhibitions.</subfield>
    <subfield code="9">439</subfield>
  </datafield>
  <datafield tag="650" ind1=" " ind2="0">
    <subfield code="a">Arte Conceptual</subfield>
    <subfield code="x">Exhibiciones</subfield>
    <subfield code="9">3575</subfield>
  </datafield>
  <datafield tag="650" ind1=" " ind2="0">
    <subfield code="a">Arte Moderno</subfield>
    <subfield code="v">Exhibiciones</subfield>
    <subfield code="y">siglo 20</subfield>
    <subfield code="9">3576</subfield>
  </datafield>
  <datafield tag="650" ind1=" " ind2="0">
    <subfield code="a">Art, Modern</subfield>
    <subfield code="y">20th century</subfield>
    <subfield code="v">Exhibitions.</subfield>
    <subfield code="9">441</subfield>
  </datafield>
  <datafield tag="700" ind1="1" ind2=" ">
    <subfield code="a">Camnitzer, Luis,</subfield>
    <subfield code="d">1937-</subfield>
    <subfield code="9">3101</subfield>
  </datafield>
  <datafield tag="700" ind1="1" ind2=" ">
    <subfield code="a">Farver, Jane.</subfield>
    <subfield code="9">3577</subfield>
  </datafield>
  <datafield tag="700" ind1="1" ind2=" ">
    <subfield code="a">Weiss, Rachel,</subfield>
    <subfield code="d">1954-</subfield>
    <subfield code="9">3578</subfield>
  </datafield>
  <datafield tag="700" ind1="1" ind2=" ">
    <subfield code="a">Beke, L&#xE1;szl&#xF3;,</subfield>
    <subfield code="d">1942-</subfield>
    <subfield code="9">3579</subfield>
  </datafield>
  <datafield tag="710" ind1="2" ind2=" ">
    <subfield code="a">Queens Museum of Art.</subfield>
    <subfield code="9">3580</subfield>
  </datafield>
  <datafield tag="710" ind1="2" ind2=" ">
    <subfield code="a">Walker Art Center.</subfield>
    <subfield code="9">3581</subfield>
  </datafield>
  <datafield tag="710" ind1="2" ind2=" ">
    <subfield code="a">Miami Art Museum of Dade County.</subfield>
    <subfield code="9">3582</subfield>
  </datafield>
  <datafield tag="900" ind1=" " ind2=" ">
    <subfield code="b">TOC</subfield>
  </datafield>
  <datafield tag="999" ind1=" " ind2=" ">
    <subfield code="c">740</subfield>
    <subfield code="d">740</subfield>
  </datafield>
  <datafield tag="952" ind1=" " ind2=" ">
    <subfield code="0">0</subfield>
    <subfield code="1">0</subfield>
    <subfield code="2">ddc</subfield>
    <subfield code="4">0</subfield>
    <subfield code="7">0</subfield>
    <subfield code="a">LV</subfield>
    <subfield code="b">LV</subfield>
    <subfield code="c">Colectivas</subfield>
    <subfield code="d">2015-09-09</subfield>
    <subfield code="l">0</subfield>
    <subfield code="o">709.040.75 C184g</subfield>
    <subfield code="p">001479</subfield>
    <subfield code="r">2015-09-09 00:00:00</subfield>
    <subfield code="w">2015-09-09</subfield>
    <subfield code="y">01</subfield>
  </datafield>
</record>
